| Tag |
First Indicator |
Second Indicator |
Subfields |
| LEADER |
00000cam a2200000 a 4500 |
| 001 |
in00000013600 |
| 005 |
20151007052519.0 |
| 008 |
871109s1988 dcua b 00110 eng |
| 010 |
|
|
|a 87032644
|
| 020 |
|
|
|a 0815728506 :
|c $28.95
|
| 020 |
|
|
|a 0815728492 (pbk.) :
|c $10.95
|
| 035 |
|
|
|a (OCoLC)17108175
|
| 035 |
|
|
|9 AAA8091AM
|
| 040 |
|
|
|a DLC
|c DLC
|d TXA
|d UtOrBLW
|
| 049 |
|
|
|a TXAM
|c [A11463789]
|
| 050 |
0 |
0 |
|a HD9696.C62
|b F55 1988
|
| 082 |
0 |
|
|a 338.4/7004
|2 19
|
| 100 |
1 |
|
|a Flamm, Kenneth,
|d 1951-
|
| 245 |
1 |
0 |
|a Creating the computer :
|b government, industry, and high technology /
|c Kenneth S. Flamm.
|
| 264 |
|
1 |
|a Washington, D.C. :
|b Brookings Institution,
|c [1988]
|
| 264 |
|
4 |
|c ©1988
|
| 300 |
|
|
|a xi, 282 pages :
|b illustrations ;
|c 24 cm.
|
| 336 |
|
|
|a text
|b txt
|2 rdacontent
|
| 337 |
|
|
|a unmediated
|b n
|2 rdamedia
|
| 338 |
|
|
|a volume
|b nc
|2 rdacarrier
|
| 504 |
|
|
|a Includes bibliographical references and index.
|
| 650 |
|
0 |
|a Computer industry.
|
| 650 |
|
0 |
|a Electronic data processing
|x Economic aspects.
|
| 650 |
|
0 |
|a Electronic data processing
|x Social aspects.
|
| 999 |
|
|
|a MARS
|
| 999 |
f |
f |
|s 889176d4-8d6c-3319-9192-516692651ea4
|i f90239d1-2ff9-3124-84f6-ec6b7134616d
|t 0
|
| 952 |
f |
f |
|p ric
|a Texas A&M University
|b Rellis Campus
|c Joint Library Facility
|d Remote Storage
|t 0
|e HD9696.C62 F55 1988
|h Library of Congress classification
|i unmediated -- volume
|m A14822527431
|
| 998 |
f |
f |
|a HD9696.C62 F55 1988
|t 0
|l Remote Storage
|